000 00493nam a2200181 4500
003 SEACOMMC
005 20231011103800.0
008 231011b |||||||| |||| 00| 0 eng d
020 _cRs. 150.00
040 _aSEACOMMC
082 _a510.02462
_bJAN
100 1 _aJana, Chinmoy
245 1 _aUndergraduate Engineering Mathematics-I
_cChinmoy Jana and Sanchita Pal Choudhury
260 _aNew Delhi
_bVikas
_c2004
650 _aMathematics
700 1 _aPal Choudhury, Sanchita
942 _cBOOK
999 _c153
_d153